Sládkovičova monografia

Bibliographic Details
Main Author: Rosenbaum, Karol, 1920-2001 (Author)
Format: Article
Language:Slovak
Subjects:

MARC

LEADER 00000nab a2200000 a 4500
001 vtls009333522
003 SK-MaSNL
005 20260304214017.0
008 250506c1963 xo |r|p||||||||00 ||slo
015 |a SNBRB2008/08  |2 snkbucl 
035 |a (uuid)70865fba-e4da-4cd2-acb4-f912c48f08bb 
035 |a urn:nbn:sk:snk-abf57o 
035 |a (urnnbn)urn:nbn:sk:snk:ar-0051bb 
038 |a SNKBUCL 
040 |a SNKBUCL  |b slo  |c SNKBUCL  |e AACR2 
041 0 |a slo 
044 |a xo  |c SK 
080 |a 82:929:821.162.4  |2 2001 
080 |a 821.162.4:929  |2 2001 
080 |a 82-051  |2 2001 
080 |a 929 Sládkovič, Andrej  |2 2001 
100 1 |a Rosenbaum, Karol,  |d 1920-2001  |4 aut  |9 103255 
245 1 0 |a Sládkovičova monografia  |c Karol Rosenbaum 
600 1 7 |a Sládkovič, Andrej,  |d 1820-1872  |2 snkbucl  |9 17115 
650 0 7 |a monografie  |2 snkbucl  |9 256509 
655 7 |a recenzie  |2 snkbucl  |9 21907 
773 0 |t Slovenská literatúra  |g Roč. X, č. 4 (1963), s. 492-493 
787 0 8 |i Rec.:  |a Kraus, Cyril, 1928-  |t Andrej Sládkovič  |d Banská Bystrica : Stredoslovenské vydavateľstvo, 1962 
850 |a Slovenská národná knižnica 
852 |a Slovenská národná knižnica 
954 |a odborná, vedecká literatúra pôvodná (slovenská)  |2 lita 
958 |a article27 
958 |a LX 
958 |a BX 
958 |a PBCK20008 
958 |a RC 
958 |a OND 
958 |a EUIPO 
999 |c 3138949  |d 3140879